| 000 | 01944 a2200289 4500 | ||
|---|---|---|---|
| 001 | 48123 | ||
| 005 | 20260407155748.0 | ||
| 008 | 260407a2012 arg spa d | ||
| 003 | AR-UNSa-BCEJYS | ||
| 040 |
_aAR-UNSa-BCEJYS _bspa _cAR-UNSa-BCEJYS |
||
| 080 |
_a330.101.542 _xMicroeconomía |
||
| 245 | 1 | 0 | _aPrincipios de microeconomía |
| 020 | _a978-607-32-1239-7 | ||
| 250 | _a10a. ed. | ||
| 264 | 1 |
_aMéxico : _bPearson Educación _c2012 |
|
| 300 |
_axxvii, 476 p. _c27 cm. |
||
| 505 | _a1. Alcance y método de la economía - 2. El problema económico: Escasez y elección - 3. Demanda, oferta y equilibrio de mercado - 4. Aplicaciones de la oferta y la demanda - 5. Elasticidad - 6. Comportamiento familiar y opciones de consumo - 7. El proceso de producción: Comportamiento de las empresas que maximizan las utilidades - 8. Costos a corto plazo y decisiones de producción - 9. Costos a largo plazo y decisiones de producción - 10. Demanda de insumos: Los mercados de trabajo y de la tierra - 11. La demanda de insumos: El mercado de capitales y las decisiones de inversión - 12. Equilibrio general y eficiencia de la competencia perfecta - 13. Monopolio y política antimonopolio - 14. Oligopolio - 15. Competencia monopólica - 16. Externalidades - 17. Incertidumbre e información asimétrica - 18. Distribución del ingreso y pobreza - 19. Finanzas públicas: La economía del sistema tributario - 20. Comercio internacional, ventaja comparativa y proteccionismo - 21. Crecimiento económico en las economías en vías de desarrollo y en transición - | ||
| 041 | _aspa | ||
| 942 | _cBK | ||
| 590 | _aniveau_biblio:m niveau_hierar:0 | ||
| 100 | 1 | _aCase, Karl E. | |
| 700 | 1 | _aFair, Ray C. | |
| 700 | 1 | _aMejía Estañol, María Magdalena | |
| 700 | 1 | _aOster, Sharon M. | |
| 700 | 1 | _aGómez Mont Araiza, Jaime | |
| 856 | 4 | 1 |
_uhttps://www.biblioeco.unsa.edu.ar/pmb/images/libros/L127876.jpg _yImagen de portada _qimage/jpeg |
| 999 |
_c4562 _d4562 |
||